000 01620nam0a2200313 4500
001 RU\NLR\bibl\62795
005 20260412063943.0
010 _a5-230-03704-0
_9150
021 _aRU
_b99-34644
_91701
035 _a(NLR Aleph) 000061272
090 _a333850
_c333850
100 _a19991209d1999 |||y0rusy50 ca
101 0 _arus
102 _aRU
105 _aa |||||||||
200 1 _aАктуальные проблемы реформирования российской экономики (теория, практика, перспективы)
_eСб. науч. тр.
_fМ-во общ. и проф. образования Рос. Федерации, Волгогр. гос. техн. ун-т
_g[Редкол.: Л.С. Шаховская, д.э.н., проф. (отв. ред.) и др.]
210 _aВолгоград
_cПолитехник
_d1999
215 _a151,[1] с.
_cграф.
_d20
320 _aБиблиогр. в конце ст. и в подстроч. прим.
606 0 _aЭкономические реформы
_jСборники
_yРоссийская Федерация
_92072425
_3RU\NLR\auth\661247262
686 _aУ9(2)-183(2Р)я43
702 1 _4340
_7ca
_8rus
_aШаховская
_bЛ. С.
_cд-р экон. наук
_f1943-
_gЛариса Семеновна
_943356
_3RU\NLR\AUTH\7760425
711 0 2 _aВолгоградский государственный технический университет
_9285933
_3RU\NLR\AUTH\886978
801 0 _aRU
_bNLR
_c19991209
_gPSBO
801 1 _aRU
_bNLR
_c19991209
852 _aNLR
_j99-3/16060
942 _cBOOK
980 _aNB